[Event "3rd Sharjah Masters 2019"]
[Site "Sharjah"]
[Date "2019.03.29"]
[Round "8.47"]
[White "Ranaldi, Lucas"]
[Black "Dr., Murtaza Ali"]
[Result "0-1"]
[WhiteElo "2279"]
[BlackElo "2084"]
[Annotator "NA"]
[PlyCount "126"]
[EventDate "2019.03.22"]
[EventType "swiss"]
[EventCountry "UAE"]
[SourceTitle "playchess.com"]
[Source "ChessBase"]
[SourceQuality "1"]
[TimeControl "5400+30"]

1. c4 {[%emt 0:00:00]} Nf6 {[%emt 0:00:00]} 2. Nc3 {[%emt 0:00:03]} c6 {[%emt 0:00:00]} 3. d4 {[%emt 0:11:02]} d5 {[%emt 0:00:08]} 4. cxd5 {[%emt 0:00:49]} cxd5 {[%emt 0:00:05]} 5. f3 {[%emt 0:00:06]} e6 {[%emt 0:00:17]} 6. e4 {[%emt 0:00:06]} Bb4 {[%emt 0:00:13]} 7. e5 {[%emt 0:01:03]} Nfd7 {[%emt 0:00:09]} 8. f4 {[%emt 0:04:44]} O-O {[%emt 0:00:53]} 9. Nf3 {[%emt 0:00:28]} Nc6 {[%emt 0:00:46]} 10. Bd3 {[%emt 0:00:44]} f5 {[%emt 0:00:19]} 11. O-O {[%emt 0:03:16]} Nb6 {[%emt 0:00:28]} 12. h3 {[%emt 0:10:52]} Bd7 {[%emt 0:02:09]} 13. g4 {[%emt 0:02:20]} g6 {[%emt 0:00:14]} 14. Kh1 {[%emt 0:07:59]} Rc8 {[%emt 0:00:01]} 15. Qe2 {[%emt 0:17:27]} Ne7 {[%emt 0:03:20]} 16. Nd1 {[%emt 0:01:35]} Nc4 {[%emt 0:04:44]} 17. a3 {[%emt 0:01:31]} Na5 {[%emt 0:02:17]} 18. Bc2 {[%emt 0:12:35]} a6 {[%emt 0:04:36]} 19. Rg1 {[%emt 0:16:14]} Bb5 {[%emt 0:00:20]} 20. Qf2 {[%emt 0:00:13]} Rxc2 {[%emt 0:11:46]} 21. Qxc2 {[%emt 0:00:01]} Qc8 {[%emt 0:00:19]} 22. Ne3 {[%emt 0:06:03]} Qxc2 {[%emt 0:00:20]} 23. Nxc2 {[%emt 0:00:01]} Nb3 {[%emt 0:00:01]} 24. axb4 {[%emt 0:00:47]} Bd3 {[%emt 0:02:11]} 25. Nfe1 {[%emt 0:00:02]} Be4+ {[%emt 0:00:00]} 26. Kh2 {[%emt 0:00:00]} Rc8 {[%emt 0:00:10]} 27. Ra3 {[%emt 0:01:37]} Nxc1 {[%emt 0:00:20]} 28. Rc3 {[%emt 0:00:53]} Rxc3 {[%emt 0:00:18]} 29. bxc3 {[%emt 0:00:01]} Ne2 {[%emt 0:00:01]} 30. Rf1 {[%emt 0:01:00]} Nxc3 {[%emt 0:00:20]} 31. Ne3 {[%emt 0:01:02]} Nc6 {[%emt 0:00:33]} 32. N1c2 {[%emt 0:00:02]} Ne2 {[%emt 0:00:47]} 33. gxf5 {[%emt 0:00:51]} gxf5 {[%emt 0:00:17]} 34. Re1 {[%emt 0:00:49]} Nxf4 {[%emt 0:00:22]} 35. Kg3 {[%emt 0:00:18]} Nd3 {[%emt 0:00:01]} 36. Rg1 {[%emt 0:00:16]} Kf7 {[%emt 0:00:40]} 37. Kh2 {[%emt 0:01:04]} Ndxb4 {[%emt 0:00:34]} 38. Nxb4 {[%emt 0:00:01]} Nxb4 {[%emt 0:00:00]} 39. Kg3 {[%emt 0:00:32]} a5 {[%emt 0:01:09]} 40. Ra1 {[%emt 0:00:24]} Nc6 {[%emt 0:00:37]} 41. Nd1 {[%emt 0:00:59]} b5 {[%emt 0:01:15]} 42. Nc3 {[%emt 0:00:24]} b4 {[%emt 0:00:10]} 43. Nxe4 {[%emt 0:00:12]} fxe4 {[%emt 0:00:27]} 44. Kf4 {[%emt 0:00:26]} Ke7 {[%emt 0:00:37]} 45. Ke3 {[%emt 0:00:13]} Kd7 {[%emt 0:00:54]} 46. h4 {[%emt 0:00:01]} h5 {[%emt 0:00:21]} 47. Kf4 {[%emt 0:00:53]} Kc7 {[%emt 0:00:05]} 48. Kg5 {[%emt 0:00:14]} Kb6 {[%emt 0:00:28]} 49. Kxh5 {[%emt 0:00:08]} Nxd4 {[%emt 0:00:08]} 50. Kg6 {[%emt 0:01:00]} Nf5 {[%emt 0:01:39]} 51. h5 {[%emt 0:00:02]} e3 {[%emt 0:00:34]} 52. Rf1 {[%emt 0:01:51]} d4 {[%emt 0:01:14]} 53. Rxf5 {[%emt 0:00:12]} e2 {[%emt 0:00:22]} 54. h6 {[%emt 0:00:06]} e1=Q {[%emt 0:00:34]} 55. Rf6 {[%emt 0:01:05]} Qxe5 {[%emt 0:01:21]} 56. h7 {[%emt 0:00:00]} Qg3+ {[%emt 0:01:55]} 57. Kf7 {[%emt 0:00:01]} Qh4 {[%emt 0:00:56]} 58. Kg7 {[%emt 0:00:06]} b3 {[%emt 0:01:17]} 59. Rxe6+ {[%emt 0:00:14]} Kc5 {[%emt 0:00:18]} 60. Rh6 {[%emt 0:01:21]} Qe7+ {[%emt 0:00:23]} 61. Kg8 {[%emt 0:00:09]} b2 {[%emt 0:00:37]} 62. Rh5+ {[%emt 0:00:29]} Kb4 {[%emt 0:00:21]} 63. h8=Q {[%emt 0:00:30]} Qe8+ {[%emt 0:00:39]} 0-1

[Event "3rd Sharjah Masters 2019"]
[Site "Sharjah"]
[Date "2019.03.30"]
[Round "9.1"]
[White "Wang, Hao"]
[Black "Kryvoruchko, Yuriy"]
[Result "1/2-1/2"]
[WhiteElo "2718"]
[BlackElo "2680"]
[Annotator "TA"]
[PlyCount "35"]
[EventDate "2019.03.22"]
[EventType "swiss"]
[EventCountry "UAE"]
[SourceTitle "playchess.com"]
[Source "ChessBase"]
[SourceQuality "1"]

{[%evp 18,29,25,23,22,5,8,12,0,3,8,3,3,10]} 1. e4 e5 2. Nf3 Nc6 3. Bb5 Nf6 4. O-O Nxe4 5. Re1 Nd6 6. Nxe5 Be7 7. Bf1 Nxe5 8. Rxe5 O-O 9. d4 Bf6 10. Re1 Re8 {C67: Ruy Lopez: Berlin Defence: 4 0-0 Nxe4} 11. Rxe8+ {The position is equal.} Nxe8 12. d5 d6 13. Nd2 c6 14. Ne4 Be5 15. g3 {[#]} {Predecessor:} cxd5 $146 16. Qxd5 Nc7 17. Qd1 d5 18. Nc5 {½-½ (34) Piorun,K (2634)-Harikrishna,P (2729) Germany 2019} 1/2-1/2

[Event "3rd Sharjah Masters 2019"]
[Site "Sharjah"]
[Date "2019.03.30"]
[Round "9.2"]
[White "Matlakov, Maxim"]
[Black "Inarkiev, Ernesto"]
[Result "1/2-1/2"]
[WhiteElo "2692"]
[BlackElo "2692"]
[Annotator "TA"]
[PlyCount "119"]
[EventDate "2019.03.22"]
[EventType "swiss"]
[EventCountry "UAE"]
[SourceTitle "playchess.com"]
[Source "ChessBase"]
[SourceQuality "1"]

{[%evp 11,119,0,8,0,0,-19,11,5,22,0,0,0,21,26,44,17,29,33,27,9,5,11,82,88,101,93,65,30,22,29,25,-25,20,-38,-17,-23,-24,-83,9,6,2,2,2,8,8,2,7,0,0,0,0,0,8,5,8,10,12,12,10,10,11,8,8,0,0,0,0,0,8,5,66,80,80,0,0,0,58,58,59,0,0,0,0,0,0,0,0,0,0,0,0,0,0,0,0,0,0,0,0,0,0,0,0,0,0,0,0,0,0,0]} 1. Nf3 d5 2. g3 Nf6 3. Bg2 g6 4. O-O Bg7 5. d4 O-O 6. c3 c6 7. Bf4 {D02: 1 d4 d5 2 Nf3 sidelines, including 2...Nf6 3 g3 and 2...Nf6 3 Bf4} Nh5 8. Bg5 h6 $146 (8... f6 $5 {[%cal Rf6g5]} 9. Be3 e5 $11) ({Predecessor:} 8... Nd7 9. Qc1 Re8 10. Re1 Qc7 11. Nbd2 e5 12. dxe5 Nxe5 13. Nxe5 Qxe5 14. Nf3 Qc7 {½-½ (45) Kamsky,G (2721)-Ivanchuk,V (2731) Beijing 2013}) 9. Be3 Nd7 10. Nbd2 f5 11. c4 g5 12. cxd5 cxd5 {Threatens to win with ...f4.} 13. Nb1 e6 14. Nc3 a6 15. Rc1 b5 16. Ne5 {Black must now prevent Nxd5!} f4 (16... Bb7 $11 {remains equal.}) 17. Nc6 $16 Qe8 {[#]} 18. Bd2 $1 Nb6 19. Ne5 Bxe5 20. dxe5 Nc4 21. Rc2 Qf7 22. Bc1 (22. Nb1 $1 $11) 22... Bb7 $1 $15 ({Much weaker is} 22... Nxe5 $6 {[#]} 23. Nxd5 $1 {[%mdl 512]} Ra7 24. Qd4 $14) 23. b3 Nxe5 24. Bb2 f3 (24... Ng4 $17) 25. exf3 $11 Nxf3+ 26. Bxf3 Qxf3 27. Qxf3 Rxf3 28. Ne2 Re8 29. Be5 Rf5 30. f4 gxf4 31. gxf4 d4 32. Rd2 Kh7 33. Rxd4 Rg8+ 34. Kf2 Nf6 35. Bxf6 Rxf6 36. Rd7+ Rg7 $132 {[%mdl 2048] Black has counterplay} 37. Rxg7+ Kxg7 {[%mdl 4096] Endgame KRB-KRN} 38. Ke3 Rf7 39. Rd1 Bd5 40. Nc3 Rf5 (40... Re7 $11) 41. Nxd5 $14 exd5 {KR-KR} 42. Rc1 ({White should try} 42. Kf3 $16) 42... Rh5 $11 43. Rc2 b4 (43... Kf6 $11) 44. Kd4 Kf6 45. Rc6+ ({White should play} 45. Rf2 $1 $14) 45... Kf5 {The position is equal.} 46. Rxa6 Kxf4 47. Rf6+ Kg4 48. Rf2 {Kc5 is the strong threat.} Kh3 49. Kc5 Rh4 $1 50. Kxd5 h5 51. Kc5 Rg4 52. a4 bxa3 {And now ...Rg2 would win.} 53. b4 Rg2 54. Rf3+ {[%mdl 64] Double Attack} Kxh2 55. Rxa3 h4 56. b5 Rg5+ 57. Kc6 Rg6+ 58. Kc7 Rg7+ 59. Kc6 Rg6+ 60. Kd5 {Accuracy: White = 56%, Black = 72%.} 1/2-1/2

[Event "3rd Sharjah Masters 2019"]
[Site "Sharjah"]
[Date "2019.03.30"]
[Round "9.3"]
[White "Yakubboev, Nodirbek"]
[Black "Fedoseev, Vladimir"]
[Result "1-0"]
[WhiteElo "2569"]
[BlackElo "2715"]
[Annotator "TA"]
[PlyCount "93"]
[EventDate "2019.03.22"]
[EventType "swiss"]
[EventCountry "UAE"]
[SourceTitle "playchess.com"]
[Source "ChessBase"]
[SourceQuality "1"]

{[%evp 10,93,35,39,53,42,32,31,35,28,35,0,-6,-14,0,0,4,-20,-20,-27,-12,-29,-28,-35,-37,-37,-52,-44,34,0,0,0,12,5,1,0,0,0,21,19,91,96,100,105,97,106,105,30,60,0,0,0,0,0,0,-22,0,0,0,0,0,0,504,358,308,238,328,359,329,318,29967,29964,6379,0,29967,29968,29964,29964,6199,6199,5318,1175,1175,1103,2487,2368]} 1. d4 f5 2. Bg5 h6 3. Bh4 g5 4. e3 Nf6 5. Bg3 d6 6. h4 g4 {A80: Dutch Defence: Unusual White second moves} 7. Nc3 Nh5 8. Nge2 Bg7 {White is slightly better.} 9. Bh2 Nc6 $146 {[%cal Bb8c6,Bc6e5,Be5g6][%mdl 32]} ({Predecessor:} 9... c6 10. Qd3 e5 11. dxe5 dxe5 12. Qxd8+ Kxd8 13. O-O-O+ Ke7 14. f3 gxf3 15. gxf3 {½-½ (73) Velten,P (2426)-Vaisser,A (2531) Chalons en Champagne 2014}) 10. d5 Ne5 11. Nd4 O-O 12. Qd2 Bd7 13. O-O-O c6 14. f4 Ng6 15. Bc4 Kh7 16. e4 Bxd4 17. Qxd4 g3 $1 {[%cal Rg3h2]} 18. Bg1 Nhxf4 (18... Ngxf4 $15 19. Qd2 fxe4) 19. Qd2 fxe4 20. Be3 Qa5 21. Bxf4 Nxf4 22. Qe3 Ng6 23. Nxe4 Ne5 24. Nxg3 Qb4 (24... Nxc4 $11 25. Qe4+ Kh8 26. Qxc4 c5) 25. Rd4 $16 {Black must now prevent Bd3+.} Nxc4 26. Qd3+ Kh8 27. Rxc4 Qa5 28. Qe3 (28. Re4 $16 Rf7 29. dxc6 bxc6 30. Rhe1) 28... Rf7 $11 29. Qxh6+ (29. Rf1 $14 Qxd5 30. Re4 (30. Qxh6+ Rh7 $11)) 29... Rh7 30. Qe3 cxd5 31. Rf4 Qxa2 32. Qc3+ e5 {Hoping for ...d4.} 33. Rhf1 {Rf8+ is the strong threat.} Rg8 {Threatens to win with ...d4.} 34. Rf8 Rhg7 ({Don't go for} 34... Rxh4 $2 35. Qc7 $18) 35. Qe3 Rg6 $2 {[%mdl 8192]} (35... Rxf8 $11 36. Qh6+ (36. Rxf8+ Kh7 $11) 36... Kg8 37. Rxf8+ Kxf8) 36. Rxg8+ Kxg8 37. Qf3 $40 {[%mdl 128] Threatening mate with Qf8+. White goes for the king.} Be6 38. Qf8+ Kh7 39. Qe7+ Kh8 $2 (39... Rg7 $18 40. Qxe6 Qa1+ 41. Kd2 Qxb2 42. Qf5+ (42. Qxd5 Qb4+ 43. Kd1 Rxg3 $11) 42... Kg8) 40. Qe8+ Kh7 41. Qe7+ (41. Rf8 $18 Bg8 42. Rf5 Qa1+ 43. Kd2 Qa5+ 44. Kd1 Qa1+ {[%mdl 64] Double Attack} 45. Ke2 Qa6+ 46. Kf3) 41... Kh8 {[#]} 42. Rf8+ $1 Bg8 {[#]} 43. Rf5 $1 Rg7 44. Rh5+ {White is clearly winning.} Bh7 45. Qf8+ (45. Qd8+ $142 Rg8 46. Qf6+ Rg7 47. Nf5 {[%mdl 64] Double Attack} Qa1+ 48. Kd2 Qa5+ 49. c3) 45... Rg8 $18 46. Qf6+ (46. Qf7 $142 Qa1+ 47. Kd2) 46... Rg7 47. Rg5 {Accuracy: White = 51%, Black = 68%.} 1-0

[Event "3rd Sharjah Masters 2019"]
[Site "Sharjah"]
[Date "2019.03.30"]
[Round "9.4"]
[White "Vishnu, Prasanna. V"]
[Black "Mareco, Sandro"]
[Result "0-1"]
[WhiteElo "2524"]
[BlackElo "2666"]
[Annotator "TA"]
[PlyCount "100"]
[EventDate "2019.03.22"]
[EventType "swiss"]
[EventCountry "UAE"]
[SourceTitle "playchess.com"]
[Source "ChessBase"]
[SourceQuality "1"]

{[%evp 14,100,19,29,40,26,42,27,42,39,51,30,31,16,21,25,24,26,19,18,27,-5,0,-48,-39,-61,-36,-62,-60,-90,-47,-74,-87,-135,-97,-101,-89,-112,-17,-5,-13,-31,-5,-6,0,0,0,0,0,-70,-82,-166,-153,-127,-122,-123,-135,-224,-219,-421,-429,-412,-259,-274,-274,-272,-269,-259,0,0,0,-266,-257,-302,-318,-319,-321,-416,-416,-416,-410,-480,-446,-499,-479,-676,-669,-6398,-6391]} 1. d4 Nf6 2. c4 g6 3. g3 Bg7 4. Bg2 O-O 5. Nf3 d6 6. O-O c6 7. Nc3 Bf5 8. Nd2 {LiveBook: 17 Games} Na6 {E62: King's Indian: Fianchetto: 6...c6 and Panno Variation (6...Nc6) without ...a6} (8... e5 9. d5 Qc8 10. e4 Bg4 11. f3 Bd7 12. Nb3 a5 13. a4 Na6 14. Be3 Nb4 15. Rf2 Qd8 16. dxc6 Bxc6 {0-1 (40) Ding,L (2791)-Caruana,F (2822) Stavanger 2018}) 9. Nb3 $146 ({Predecessor:} 9. b3 Qd7 10. Bb2 Bh3 11. Re1 Bxg2 12. Kxg2 Nc7 13. e4 e5 14. dxe5 dxe5 15. Na4 Nh5 16. Nf3 {½-½ (38) Hulak,K (2525)-Torre,E (2550) Amsterdam 1977}) 9... Be6 10. d5 Bd7 {White has an edge.} 11. h3 Rb8 12. e4 e5 13. Be3 cxd5 14. cxd5 b6 15. Nc1 Ne8 16. Nd3 f5 17. exf5 gxf5 18. f4 Rc8 19. fxe5 dxe5 20. Qe2 Nd6 21. Bf2 Nc5 22. Nb4 (22. Nxe5 $2 Re8 $19) 22... e4 23. Rad1 Qg5 24. Nc6 Rce8 25. h4 Qg4 (25... Qg6 $17 26. h5 Qf7) 26. Qxg4 $11 fxg4 27. Be3 Nd3 (27... Bxc3 {looks sharper.} 28. bxc3 Nf5 29. Bf4 Nd3 30. Bxe4 Nxf4 31. Rxf4 Nxg3 32. Rxf8+ Kxf8 33. Bd3 Ne2+) 28. Rxf8+ Kxf8 29. Nxe4 $1 Nxe4 30. Rxd3 Nxg3 31. Bd2 ({White should play} 31. Ra3 $11) 31... Nf5 $15 32. Bb4+ {[#]} (32. Ra3 $17 a5 33. Bf1) 32... Kf7 $1 $19 33. d6 Re2 {aiming for ...Rxg2+!} (33... Nxh4 34. Bd5+ Kf8 35. Nd4 $15) 34. Nb8 Rxb2 35. Bd5+ (35. Bc3 $17 {was the only chance.} Bxc3 36. Rxc3) 35... Ke8 36. Bc6 $2 {[#]} (36. Bd2 {was worth a try.} Be5 37. Kf1) 36... Bd4+ $1 37. Rxd4 Nxd4 38. Bxd7+ Kf7 {( -> ...Nf3+)} 39. Be1 Nf3+ ({Worse is} 39... Rxa2 40. Bxg4 Ra1 41. Kf2 $16) 40. Kf1 Nh2+ ({And not} 40... Rxa2 41. Bg3 $11) 41. Kg1 Nf3+ 42. Kf1 Rb1 ({Not} 42... Rxa2 43. Bg3 $11) 43. Kf2 {Bc3 is the strong threat.} Nxe1 {[%mdl 4096] Endgame KRN-KBN} 44. Bf5 Rc1 45. d7 Ke7 46. Bxh7 Nf3 47. h5 Ne5 {Black is clearly winning.} 48. Bf5 Rh1 49. Kg3 (49. Bg6 $142) 49... Rxh5 50. Kf4 {[#]} Rxf5+ $1 {[%mdl 64] Remove Defender, Promotion. Accuracy: White = 27%, Black = 66%.} 0-1

[Event "3rd Sharjah Masters 2019"]
[Site "Sharjah"]
[Date "2019.03.30"]
[Round "9.5"]
[White "Firouzja, Alireza"]
[Black "Nguyen, Anh Khoi"]
[Result "1-0"]
[WhiteElo "2657"]
[BlackElo "2484"]
[Annotator "TA"]
[PlyCount "71"]
[EventDate "2019.03.22"]
[EventType "swiss"]
[EventCountry "UAE"]
[SourceTitle "playchess.com"]
[Source "ChessBase"]
[SourceQuality "1"]

{[%evp 11,71,3,23,20,20,4,18,0,35,33,46,29,44,0,0,14,14,12,12,0,108,113,100,114,105,120,114,92,92,112,120,105,237,204,179,176,183,185,563,562,547,547,516,470,562,561,530,347,350,338,511,505,449,365,448,441,404,356,498,465,606,420]} 1. e4 c5 2. Nf3 d6 3. d4 cxd4 4. Nxd4 Nf6 5. Nc3 a6 6. Nb3 Nc6 7. Be3 {B56: Classical Sicilian: Unusual Lines} e6 8. g4 h6 9. h4 {The position is equal.} d5 $146 ({Predecessor:} 9... b5 10. Bg2 Ne5 11. g5 Nfd7 12. f4 Nc4 13. Qe2 Nxb2 14. e5 Rb8 {1-0 (39) Vitiugov,N (2724)-Artemiev,V (2655) Moscow 2017}) 10. exd5 exd5 11. f3 Bb4 12. Qe2 O-O 13. O-O-O $36 {[%mdl 2048] White is pushing.} Re8 {[#] And now ...Bxc3 would win.} 14. Qf2 Bxc3 15. bxc3 Bxg4 (15... h5 $11 {remains equal.}) 16. Bb6 $16 Qd6 {Threatens to win with ...Qf4+.} 17. fxg4 Ne4 {( -> ...Qa3+)} 18. Qe3 Ng3 19. Qf3 {Strongly threatening Bc5.} Nxh1 20. Qxh1 a5 {aiming for ...a4.} 21. Qxd5 Qe7 (21... Qg3 $16 {is a better defense.}) 22. a4 Qxh4 23. Bc4 Qf6 24. Qf5 Qxc3 $2 (24... Qxf5 {is more resistant.} 25. gxf5 Re5) 25. Bxf7+ $18 {[%mdl 64] [#] Double Attack} Kh8 26. Bxe8 Rxe8 27. Bxa5 Qc4 28. Kb2 Nxa5 29. Qxa5 Qxg4 30. Qb5 Ra8 (30... Re7 $142) 31. Rd4 Qf3 32. Qd7 Rf8 33. a5 Rf7 34. Qe8+ Rf8 35. Qe6 h5 36. Qg6 {Accuracy: White = 66%, Black = 43%.} 1-0

[Event "3rd Sharjah Masters 2019"]
[Site "Sharjah"]
[Date "2019.03.30"]
[Round "9.6"]
[White "Pichot, Alan"]
[Black "Sindarov, Javokhir"]
[Result "1/2-1/2"]
[WhiteElo "2584"]
[BlackElo "2505"]
[Annotator "TA"]
[PlyCount "63"]
[EventDate "2019.03.22"]
[EventType "swiss"]
[EventCountry "UAE"]
[SourceTitle "playchess.com"]
[Source "ChessBase"]
[SourceQuality "1"]

{[%evp 16,63,29,50,35,41,49,48,59,31,58,48,57,43,32,45,40,30,25,37,54,31,30,23,18,-15,-14,-20,-13,-175,-151,-221,-210,-289,-293,-279,-57,-57,-45,-37,0,0,0,0,0,0,0,-1,0,0]} 1. d4 Nf6 2. Nf3 g6 3. g3 Bg7 4. Bg2 O-O 5. O-O d6 6. b3 c5 7. c4 d5 8. Bb2 dxc4 9. dxc5 Qxd1 {E60: King's Indian: Unusual lines and Fianchetto Variation without Nc3} 10. Rxd1 Nfd7 11. Bxg7 Kxg7 {White is slightly better.} 12. Nfd2 Nxc5 13. Nxc4 Nba6 $146 ({Predecessor:} 13... Nc6 14. Nc3 Be6 15. Bxc6 bxc6 16. Na5 Rfc8 17. Rac1 {1-0 (35) Meier,G (2655)-Perske,T (2443) Germany 2017}) 14. Nc3 Be6 15. Na5 Rab8 16. Rd4 Rfc8 17. Rc1 Bf5 18. f4 Ne6 19. Rdd1 Nb4 20. Nc4 ({Wrong is} 20. Bxb7 $2 Rc5 $19) 20... Bc2 $36 {[%mdl 2048] Black is more active.} 21. Rd2 $1 b5 22. Nxb5 $2 (22. Ne5 $11 {and White is okay.}) 22... Rxb5 $19 23. Ne3 {[#]} (23. Rcxc2 $17 Nxc2 24. Rxc2) 23... Ra5 $1 ({Not} 23... Nxa2 24. Rcxc2 Rxc2 25. Rxc2 $11) ({Inferior is} 23... Rbc5 24. a3 $11) 24. Nxc2 Rxa2 {[%cal Rc8c2]} 25. Be4 Nc5 $2 (25... f5 $19 26. Kf2 Nc5) 26. Nxb4 $15 Rxd2 27. Nd3 Rxe2 {[#] Threatens to win with ...Nxd3!} 28. Rxc5 {The position is equal.} Rd8 29. Rd5 Rc8 30. Rc5 Rd8 31. Rd5 Rc8 32. Rc5 {Accuracy: White = 59%, Black = 57%.} 1/2-1/2

[Event "3rd Sharjah Masters 2019"]
[Site "Sharjah"]
[Date "2019.03.30"]
[Round "9.7"]
[White "Deepan, Chakkravarthy J."]
[Black "Sargissian, Gabriel"]
[Result "1/2-1/2"]
[WhiteElo "2534"]
[BlackElo "2689"]
[Annotator "TA"]
[PlyCount "136"]
[EventDate "2019.03.22"]
[EventType "swiss"]
[EventCountry "UAE"]
[SourceTitle "playchess.com"]
[Source "ChessBase"]
[SourceQuality "1"]

{[%evp 10,136,2,-3,0,0,3,-5,0,0,0,0,11,9,10,-2,24,18,33,27,30,35,38,0,2,11,0,0,42,0,0,0,0,0,0,0,9,12,14,8,16,22,30,16,24,16,18,14,10,8,8,9,14,25,0,0,1,7,16,0,0,0,0,0,74,0,0,0,0,0,0,0,0,0,0,0,0,0,0,0,0,0,0,0,0,0,0,0,0,0,0,0,0,0,0,-36,-37,-37,-44,-44,-44,-47,-47,-169,-160,-170,-163,-189,0,0,0,0,0,0,0,0,0,0,0,0,0,0,0,0,0,0,0,0,0]} 1. d4 Nf6 2. Nf3 e6 3. Bg5 h6 4. Bh4 d5 5. e3 Be7 6. Nbd2 b6 {D03: 1 d4 d5 2 Nf3 Nf6 3 Bg5, including Torre Attack with early ...d5} (6... c5 7. c3 Nc6 8. Bd3 b6 9. Bb5 Bd7 10. O-O O-O 11. Qe2 Ne4 12. Bxe7 Nxe7 13. Nxe4 dxe4 14. Nd2 Bxb5 15. Qxb5 f5 16. Nb3 Ng6 {0-1 (36) So,W (2815)-Giri,A (2785) chess.com INT 2017}) 7. c3 Bb7 8. a4 $146 ({Predecessor:} 8. Ne5 Nfd7 9. Bxe7 Qxe7 10. f4 O-O 11. Bd3 Nxe5 12. fxe5 f6 13. O-O Nd7 14. exf6 Rxf6 15. Rxf6 Nxf6 {½-½ (60) Van Wely,L (2687)-Ivanov,A (2563) Minneapolis 2005}) 8... a5 9. Bb5+ c6 10. Bd3 c5 11. Ne5 Nc6 12. f4 Nd7 13. Bxe7 Qxe7 14. O-O O-O 15. Qh5 Ncxe5 16. fxe5 Ba6 17. Bxa6 Rxa6 18. Rf4 f5 19. exf6 Nxf6 20. Qe5 Raa8 21. Raf1 Rac8 22. h3 Nd7 23. Rxf8+ Nxf8 24. Nf3 Nd7 25. Qg3 Rf8 26. Qc7 Qd8 27. Qd6 Re8 28. Re1 Nf6 29. Qc6 c4 30. Ne5 Re7 31. Ng6 $36 {[%mdl 2048] White is more active.} Re8 32. Rf1 Kh7 33. Ne5 Re7 34. b3 cxb3 {Hoping for ...Qc7.} 35. Qb5 Qd6 36. Qxb3 Nd7 (36... Ne4 $11 {keeps the balance.}) 37. Nxd7 (37. Nf7 $1 $16 Qb8 38. Qb1+ g6 39. Qe1) 37... Rxd7 $16 {[%mdl 4096] Endgame KQR-KQR} 38. Rb1 Qg3 39. Qc2+ Kg8 40. Rxb6 Qxe3+ 41. Qf2 Qxf2+ 42. Kxf2 $11 {KR-KR} Kf7 43. Rc6 Rb7 44. Rc5 Rb3 45. Ke2 Ra3 46. Rxa5 Rxc3 47. Rc5 Ra3 48. a5 Kf6 49. Kd2 Kf5 50. Kc2 Ke4 51. Kb2 Ra4 (51... Kxd4 52. Rxd5+ $1 {[%mdl 512]} Kxd5 53. Kxa3 $18) 52. Kc3 (52. Kb3 $5 {[%cal Rb3a4]} Ra1 53. Kb2 $11) 52... Rxd4 53. Kb3 Rd1 54. Kb2 $1 Rf1 55. a6 Rf7 56. Ra5 (56. Rc6 $1 $15) 56... Ra7 $19 57. Kc3 {[#]} Ke3 $1 58. Kb4 {[#]} e5 $2 (58... d4 $1 $19 59. Re5+ {[%mdl 64] Double Attack} Kf2 60. Rxe6 Rd7) 59. Kc5 $11 {The position is equal.} d4 60. Kb6 {[#]} Rxa6+ $1 {[%mdl 512]} 61. Rxa6 {Threatens to win with Kc5. KR-KP} d3 62. Kc5 {Black must now prevent Re6.} d2 63. Ra1 $1 Kd3 64. Kd5 $1 {[%cal Rd5e5]} e4 65. Ra3+ Ke2 (65... Kc2 $5 66. Ra2+ $8 Kc3 67. Rxd2 Kxd2 68. Kxe4 Ke2 $11) 66. Ra1 Kd3 67. Ra3+ Ke2 (67... Kc2 $5 68. Ra2+ $8 Kd3 69. Rxd2+ Kxd2 70. Kxe4 Ke2 $11) 68. Ra1 Kd3 {Accuracy: White = 74%, Black = 70%.} 1/2-1/2

[Event "3rd Sharjah Masters 2019"]
[Site "Sharjah"]
[Date "2019.03.30"]
[Round "9.8"]
[White "Aditya, Mittal"]
[Black "Maghsoodloo, Parham"]
[Result "0-1"]
[WhiteElo "2454"]
[BlackElo "2673"]
[Annotator "TA"]
[PlyCount "84"]
[EventDate "2019.03.22"]
[EventType "swiss"]
[EventCountry "UAE"]
[SourceTitle "playchess.com"]
[Source "ChessBase"]
[SourceQuality "1"]

{[%evp 10,84,26,22,26,8,15,19,15,12,18,12,8,-14,0,0,0,0,0,-7,0,0,0,-51,-57,-66,-60,-52,-50,-61,-55,-60,-60,-160,-156,-293,-269,-259,-235,-329,-158,-160,-160,-168,-163,-144,-153,-138,-157,-192,-200,-271,-251,-225,-214,-392,-392,-380,-372,-428,-416,-805,-799,-870,-864,-852,-841,-819,-808,-783,-776,-4926,-4926,-4574,-1752,-962,-879]} 1. d4 f5 2. g3 Nf6 3. Bg2 g6 4. Nf3 Bg7 5. O-O O-O 6. b3 b6 {A81: Dutch Defence: 2 g3} 7. Bb2 Bb7 8. c4 e6 {The position is equal.} 9. Nc3 Na6 10. a3 $146 ({Predecessor:} 10. e3 Qe7 11. Qe2 c5 12. Rfd1 Nc7 13. Rd2 Rad8 14. Rad1 d6 15. Ne1 Bxg2 16. Nxg2 {½-½ (48) Cifuentes Parada,R (2540)-Bauer,C (2622) Bilbao 2004}) 10... c5 11. d5 exd5 12. Nxd5 Nxd5 13. Bxg7 Kxg7 14. cxd5 Qf6 15. Nd2 Nc7 {[%cal Ba6c7,Bc7b5,Bb5d4][%mdl 32]} 16. e4 (16. Nc4 $11) 16... Nb5 $15 17. exf5 Qxf5 18. Nc4 Qf6 19. Qg4 Rad8 20. Rae1 Nd4 21. Ne5 (21. Qd1 $15) 21... h5 $36 {[%mdl 2048] Black has strong initiative.} 22. Qh3 (22. Qd1 $17) 22... Bc8 $19 23. d6 Qxd6 24. g4 hxg4 (24... Ba6 $19 25. Nc4 Qf6) 25. Nxg4 $17 Rh8 26. Qg3 Qxg3 27. fxg3 Rde8 {[#] Threatens to win with ...Ne2+.} 28. Bd5 {Rf7+ would kill now.} Nf5 29. Rxe8 Rxe8 30. h4 Ba6 ({Not} 30... Nxg3 31. Rf7+ Kh8 32. Nf6 Re1+ 33. Kg2 Re2+ 34. Kf3 Rf2+ 35. Kxf2 Nh1+ 36. Bxh1 d6 37. Rh7#) 31. Rf4 Be2 32. Bf3 $2 {[#]} (32. Kf2) 32... Nxg3 $19 33. Kf2 Bxf3 34. Kxf3 {[%mdl 4096] Endgame KRN-KRN} Ne2 35. Rf6 (35. Ra4 $142 Nd4+ 36. Kf2) 35... Nd4+ {Black is clearly winning.} 36. Kf2 Re4 37. Rd6 Rxg4 38. Rxd7+ Kh6 39. Rxa7 Rxh4 40. b4 cxb4 41. axb4 Nf5 42. b5 Rb4 {Accuracy: White = 28%, Black = 67%.} 0-1